| 000 | 00000nam##2200000za#4500 |
| 001 | 9.621605 |
| 003 | CaOODSP |
| 005 | 20240212134142 |
| 007 | ta |
| 008 | 150406|1992||||xxc||||| f|0| 0 fre|d |
| 020 | |a0-662-97572-3 |
| 022 | |a1713-0646 |
| 040 | |aCaOODSP|bfre |
| 043 | |an-cn--- |
| 086 | 1 |aNE22-1/1992-4F |
| 110 | 1 |aCanada. |bOffice national de l'énergie. |
| 245 | 10|aWestcoast Energy Inc. : |bDemandes datée du 20 novembre 1991 visant le projet du gazoduc Tommy Lakes |
| 260 | |aCalgary - Alberta : |bOffice national de l'énergie |cAvril 1992. |
| 300 | |a44p. : |bfigures, graphiques, tableaux ; |c28 cm. |
| 490 | 1 |aMotifs de décision|x1713-0646 |
| 563 | |aCouverture souple |
| 691 | 07|aIndustrie pétrolière|2gcpds |
| 776 | 0#|tMotifs de décision relativement à Westcoast Energy Inc. : |w(CaOODSP)9.602732 |
| 830 | #0|aMotifs de décision (Canada. Office national de l'énergie)|x1713-0646|w(CaOODSP)9.513162 |
| 986 | |aGH-2-92 |